000 00663nam a2200205Ii 4500
003 JO-AjNU
008 230605s9999||||xx |||||||||||||| ||und||
017 _a2003/8284
040 _aJO-AjNU
_bara
_erda
_cJO-AjNU
041 _aara
050 1 4 _aPJ7542.8534 1991
100 3 _aجمعة، حسين محمد,
_eauthor
_918984
245 0 0 _aحوارات البيئة والعمارة مع أسرة مصرية
264 3 1 _aد.م: د.ن، 1900
300 _a105ص
336 _atext
_btxt
_2rdacontent
337 _aunmediated
_bn
_2rdamedia
338 _avolume
_bnc
_2rdacarrier
650 4 _aالأدب العربي - ثقافة وتربية - حوارات
_918985
999 _aA6173
_c9741
_d9741